Sports Quiz

Random Sports or Basketball Quiz

Champions From The Last 25 Years Quiz Stats

 Plays Quiz not verified by Sporcle

Challenge
Share
Tweet
Embed
Score 0/100 Timer 05:00
7 Plays Today
% Correct
MLB On Strike
100%
NHL Lockout
100%
Los Angeles Lakers
97%
Los Angeles Lakers
97%
Los Angeles Lakers
97%
Los Angeles Lakers
97%
Los Angeles Lakers
97%
Los Angeles Lakers
97%
Los Angeles Lakers
97%
New York Yankees
96.8%
New York Yankees
96.8%
New York Yankees
96.8%
New York Yankees
96.8%
New York Yankees
96.8%
New England Patriots
95.4%
New England Patriots
95.4%
New England Patriots
95.4%
Boston Celtics
94.9%
Boston Celtics
94.9%
New York Giants
94.8%
New York Giants
94.8%
New York Giants
94.8%
Boston Red Sox
94.4%
Boston Red Sox
94.4%
Cincinnati Reds
94.1%
Chicago Bulls
92.3%
Chicago Bulls
92.3%
Chicago Bulls
92.3%
Chicago Bulls
92.3%
Chicago Bulls
92.3%
Chicago Bulls
92.3%
Pittsburgh Steelers
91.6%
Pittsburgh Steelers
91.6%
San Antonio Spurs
90.5%
% Correct
San Antonio Spurs
90.5%
San Antonio Spurs
90.5%
San Antonio Spurs
90.5%
Miami Heat
89.2%
Dallas Cowboys
88.6%
Dallas Cowboys
88.6%
Dallas Cowboys
88.6%
Green Bay Packers
87.9%
Detroit Pistons
86.8%
Detroit Pistons
86.8%
Detroit Pistons
86.8%
St. Louis Cardinals
85.4%
Detroit Red Wings
85.2%
Detroit Red Wings
85.2%
Detroit Red Wings
85.2%
Detroit Red Wings
85.2%
Indianapolis Colts
85.1%
Chicago White Sox
84.6%
San Francisco 49ers
84.4%
San Francisco 49ers
84.4%
San Francisco 49ers
84.4%
New Orleans Saints
84.2%
Houston Rockets
82.5%
Houston Rockets
82.5%
Denver Broncos
81.4%
Denver Broncos
81.4%
Pittsburgh Penguins
80.5%
Pittsburgh Penguins
80.5%
Pittsburgh Penguins
80.5%
Baltimore Ravens
80%
Florida Marlins
80%
Florida Marlins
80%
St. Louis Rams
79.9%
New York Rangers
79.2%
% Correct
Philadelphia Phillies
79.2%
Chicago Blackhawks
78.7%
Oakland A's
78.1%
Tampa Bay Buccaneers
75.5%
Arizona Diamondbacks
74.9%
Toronto Blue Jays
74.8%
Toronto Blue Jays
74.8%
Chicago Bears
74.1%
Atlanta Braves
73.8%
Washington Redskins
73.5%
Washington Redskins
73.5%
Montréal Canadiens
73%
Montréal Canadiens
73%
Los Angeles Angels of Anaheim
72.5%
New York Mets
71.9%
Edmonton Oilers
70.6%
Edmonton Oilers
70.6%
Edmonton Oilers
70.6%
Los Angeles Dodgers
69.9%
Minnesota Twins
66.7%
Minnesota Twins
66.7%
Colorado Avalanche
66.3%
Colorado Avalanche
66.3%
New Jersey Devils
63.3%
New Jersey Devils
63.3%
New Jersey Devils
63.3%
Anaheim Ducks
62.3%
Dallas Stars
61.2%
Tampa Bay Lightning
60.4%
Kansas City Royals
58.9%
Carolina Hurricanes
53.4%
Calgary Flames
49.4%

You're not logged in!

Compare scores with friends on all Sporcle quizzes.
Join for Free
OR
Log In

You Might Also Like...

Show Comments

Extras

Top Quizzes Today


Score Distribution

Your Account Isn't Verified!

In order to create a playlist on Sporcle, you need to verify the email address you used during registration. Go to your Sporcle Settings to finish the process.

Report this User

Report this user for behavior that violates our Community Guidelines.

Details: